00747nam a2200205 i 4500001000700000003000900007005001700016007000300033008004100036100002900077245010300106260003300209300003000242490003300272700003700305830003800342852002100380999001900401952012100420124364ES-MaACL20251009173353.0t|070322s1926 sp ||||1| spa d1 aGudemann, Alfred.96038710aHistoria de la literatura latina / cpor Alfred Gudemann ; traducido del alemán por Carlos Riba. aBarcelona : bLabor, c1926. a390 p. : bil. ; c17 cm.1 aColección Labor ; v98, 991 aRiba, Carles, d1893-195999669800aColección Laborv98, 999184254 aES-MaACLjE-2633 c124364d124364 00104070aATENEOMbATENEOMcDEPO2d2008-01-17eSCl0oE-2633p1129564r2023-02-23 00:00:00w2023-02-23yMONOGRAFIA